| 000 | 01234cam a2200325 i 4500 | ||
|---|---|---|---|
| 001 | 18235575 | ||
| 003 | OSt | ||
| 005 | 20230202112834.0 | ||
| 008 | 140721s2014 miu b 001 0 eng | ||
| 010 | _a 2014010369 | ||
| 020 | _a9780310516835 | ||
| 040 |
_aDLC _beng _cDLC _erda _dDLC |
||
| 042 | _apcc | ||
| 050 | 0 | 0 |
_aBR115.C69 _bS37 2014 |
| 245 | 0 | 0 |
_aScripture and counseling : _bGod's word for life in a broken world / _cBob Kellemen, general editor, Jeffery Forrey, managing editor ; foreword by R. Albert Mohler Jr. |
| 264 | 1 |
_aGrand Rapids, Michigan : _bZondervan, _c2014 |
|
| 300 | _a480 p. | ||
| 336 |
_atext _btxt _2rdacontent |
||
| 337 |
_aunmediated _bn _2rdamedia |
||
| 338 |
_avolume _bnc _2rdacarrier |
||
| 500 | _a"A Biblical Counseling Coalition book." | ||
| 504 | _aIncludes bibliographical references (pages 448-458) and index. | ||
| 630 | 0 | 0 |
_aBible _xPsychology. |
| 650 | 0 |
_aCounseling _xReligious aspects _xChristianity. |
|
| 650 | 0 |
_aChristian life _xBiblical teaching. |
|
| 700 | 1 |
_aKellemen, Robert W., _eeditor. |
|
| 906 |
_a7 _bcbc _corignew _d1 _eecip _f20 _gy-gencatlg |
||
| 942 |
_2lcc _cBK |
||
| 999 |
_c19896 _d19895 |
||